| 000 | 00346nam a22001457a 4500 | ||
|---|---|---|---|
| 999 |
_c7874 _d7874 |
||
| 003 | GBCCL | ||
| 005 | 20241126110638.0 | ||
| 008 | 181015b ||||| |||| 00| 0 eng d | ||
| 040 | _cGBC | ||
| 082 |
_aSOU PHA _b1990 |
||
| 245 | _aPhaitong ECC Diamond jubilee souvenir | ||
| 260 |
_aPhaitong : _bEBCC, _c1990 |
||
| 300 | _a74p. ; | ||
| 942 |
_2ddc _cARCH |
||